| 000 | 01212nam a22003497a 4500 | ||
|---|---|---|---|
| 003 | CHAP | ||
| 005 | 20220329143522.0 | ||
| 008 | 080125s1969 us r 00010 eng d | ||
| 010 | _a97906 | ||
| 011 | _a98878 | ||
| 035 | _a109563 | ||
| 040 | _cCHAP | ||
| 082 | 0 | 4 |
_a547.3087 _bJ13 |
| 100 | 1 |
_aJackman, L. M. _960792 |
|
| 245 | 1 | 0 |
_aApplications of nuclear magnetic resonance spectroscopy in organic chemistry _c/by L.M. Jackman and S. Sternhell |
| 250 | _a2 ed. | ||
| 260 |
_aOxford, New York, _bPergamon, _c1969 |
||
| 300 |
_axvi, 456 p. : _bgráfs., cuadros |
||
| 490 | 0 |
_aInternational series of monographs in organic chemistry _v; 5 |
|
| 590 |
_aBATCH-UPD _b10 _c20130110 _lUCH01 _h0837 |
||
| 590 |
_aBATCH-UPD _b10 _c20130410 _lUCH01 _h0515 |
||
| 590 |
_aBATCH-UPD _b10 _c20130914 _lUCH01 _h1320 |
||
| 590 |
_aCONVERSION _b10 _c20130109 _lUCH01 _h1354 |
||
| 650 | 1 | 4 |
_aEspectroscopía. _937802 |
| 650 | 1 | 4 |
_aQuímica orgánica. _993598 |
| 650 | 1 | 4 |
_aResonancia. _996154 |
| 700 | 1 |
_aSternhell, S. _9109709 |
|
| 830 | 0 |
_aInternational series of monographs in organic chemistry _v; 5 _959808 |
|
| 901 | _aBK | ||
| 942 | _cLIBRO | ||
| 949 |
_a547.3087 J13 _bBC _cLIBRO _d33724002163413 _eLIBRO _h112046 _i109563 _sb |
||
| 999 |
_c97906 _d97906 |
||